[Event "V Copa Marcel Duchamp 2022"]
[Site "Montevideo"]
[Date "2022.02.17"]
[Round "7.13"]
[White "Mateus, Martha"]
[Black "Spata, German"]
[Result "0-1"]
[WhiteElo "2019"]
[BlackElo "2300"]
[Annotator "TA"]
[PlyCount "68"]
[EventDate "2022.02.12"]
[EventCountry "URU"]
[SourceTitle "playchess.com"]
[Source "ChessBase"]
[SourceQuality "1"]

{[%evp 17,68,16,10,-24,-19,-66,-51,-100,-47,-56,-51,-48,-41,-52,-41,-49,-39,-41,-53,-53,-20,-20,-21,-31,-31,-27,-34,-29,-22,-59,-69,-160,-160,-158,-156,-207,-214,-181,-158,-166,-152,-151,-172,-166,-182,-425,-400,-747,-720,-743,-717,-29988,-29989]} 1. e4 c6 2. d4 d5 3. exd5 cxd5 4. c4 Nf6 5. Nc3 e6 6. Nf3 Be7 7. Bd3 O-O 8. O-O Nc6 9. cxd5 Nxd5 10. Ne4 {D42: Queen's Gambit Declined: Semi-Tarrasch: 5 cxd5 Nxd5 6 e3 Nc6 7 Bd3 .} b6 11. Bg5 (11. a3 $11) 11... Bb7 {[%cal Oc6d4] [#]} 12. Qd2 $146 (12. Bxe7 $15 {is more appropriate.} Ndxe7 13. Ng3) ({Predecessor:} 12. Bxe7 Qxe7 13. a3 Nf4 14. Rc1 Rfd8 15. Bb5 Nxd4 16. Nxd4 Bxe4 17. Bc6 Bxc6 18. Nxc6 {½-½ (38) Akhmedinov,S (1794)-Alimbetov,D Durban 2014}) 12... Bxg5 (12... f6 $17 13. Bf4 g5) 13. Nexg5 $15 h6 14. Ne4 Qe7 15. Rad1 Rfd8 16. Bb1 Rac8 17. Rfe1 Qb4 18. Nc3 Nf6 19. a3 Qd6 20. Ba2 Ne7 {[%cal Bc6e7,Be7d5,Bd5c3][%mdl 32] Hoping for ...Bxf3.} 21. Ne5 Ned5 22. Nb5 Qb8 23. f4 {[%cal Of4f5]} a6 24. Nc3 (24. Bxd5 $15 Nxd5 25. Nc3) 24... Nxc3 $17 25. bxc3 {[%cal Of4f5]} Ne4 26. Qe2 (26. Qc2 $17 Rxc3 27. Qb2) 26... Nxc3 $19 27. Qh5 Qc7 $36 {[%mdl 2048] Black is in control.} (27... Nxa2 28. Qxf7+ Kh8 29. Qxe6 $16 (29. Ng6+ Kh7 $15)) 28. Nxf7 Nxa2 29. Nxh6+ gxh6 30. Rxe6 {[#] And now Rg6+ would win.} Rd7 $1 {[%cal Bd8d7,Bd7h7,Bh7g7,Bg7g2][%mdl 32]} (30... Qxf4 31. Qg6+ Kf8 32. Rf1 $18) 31. Rxh6 $2 {[#]} (31. d5) 31... Rh7 $1 {Strongly threatening ...Qg7.} ({And not} 31... Qc2 32. Rh8+ Kg7 33. Qh6+ Kf7 34. Rh7+ Kg8 35. Rh8+ Kf7 36. Rh7+ Kg8 37. Rh8+ Kf7 $11) 32. Qg6+ (32. Re1 $142 Be4 33. Rxh7 (33. Rxe4 $2 Qc1+ 34. Kf2 Qd2+ 35. Qe2 Qxe2+ 36. Rxe2 Rxh6 $19) 33... Bxh7 34. h4) 32... Rg7 ({Stronger than} 32... Kh8 33. Re1 Rf8 34. Rxh7+ Qxh7 35. Qxh7+ Kxh7 36. Re7+ Kg6 37. Rxb7 $11) 33. Qe6+ Qf7 34. Qh3 Rxg2+ {Weighted Error Value: White=0.61/Black=0.06 (flawless)} 0-1

[Event "V Copa Marcel Duchamp 2022"]
[Site "Montevideo"]
[Date "2022.02.17"]
[Round "7.14"]
[White "Torales, Agustin"]
[Black "Fernandez, Maria Florencia"]
[Result "0-1"]
[WhiteElo "1682"]
[BlackElo "2200"]
[Annotator "TA"]
[PlyCount "44"]
[EventDate "2022.02.12"]
[EventCountry "URU"]
[SourceTitle "playchess.com"]
[Source "ChessBase"]
[SourceQuality "1"]

{[%evp 12,44,33,43,57,30,33,36,68,86,88,10,29,-54,-49,-49,-33,-177,-167,-175,-173,-202,-197,-198,-191,-236,-248,-405,-405,-465,-462,-438,-437,-1081,-1111]} 1. e4 d6 2. d4 Nf6 3. Nc3 g6 4. f4 Bg7 5. Nf3 O-O 6. Bd3 Na6 7. O-O Nb4 {B09: Pirc Defence: Austrian Attack.} 8. Be2 c5 $1 9. d5 e6 {White is slightly better.} 10. a3 {Hoping for dxe6.} Na6 {[#]} 11. Bxa6 $146 (11. dxe6 $1 $16 Bxe6 12. Ng5) ({Predecessor:} 11. dxe6 Bxe6 12. Ng5 Nc7 13. Be3 Qe7 14. Nxe6 fxe6 15. Bf3 Rad8 16. Qe2 d5 17. Bc1 {½-½ (56) Can,E (2442)-Fier,A (2601) Bursa 2010}) 11... bxa6 $11 12. Qd3 (12. dxe6 $1 $11 Bxe6 13. Qe2) 12... exd5 13. Nxd5 Nxd5 14. exd5 {This move loses the game for White.} (14. Qxd5 $15 Rb8 15. c3) 14... Bf5 $19 15. Qxa6 Bxc2 16. Bd2 Bxb2 {A strong pair of Bishops.} 17. Ra2 Qf6 {[#] aiming for ...Bd4+.} 18. Qc4 (18. Bc1 {is a better defense.} Bd4+ 19. Kh1) 18... Bf5 19. Rxb2 $2 (19. Bc1 {might work better.} Qc3 20. Qxc3 Bxc3 21. Bb2) 19... Qxb2 20. Bc3 Qc2 {Black is clearly winning.} 21. Ne1 {Inhibits Bd3.} Qe4 22. Qa2 (22. Qxe4 $142 Bxe4 23. g3) 22... Qe3+ {Weighted Error Value: White=0.77/Black=0.04 (flawless)} 0-1

[Event "V Copa Marcel Duchamp 2022"]
[Site "Montevideo"]
[Date "2022.02.17"]
[Round "7.15"]
[White "Muniz, Rafael"]
[Black "Araque, Jairo"]
[Result "1/2-1/2"]
[WhiteElo "2194"]
[BlackElo "1970"]
[Annotator "TA"]
[PlyCount "61"]
[EventDate "2022.02.12"]
[EventCountry "URU"]
[SourceTitle "playchess.com"]
[Source "ChessBase"]
[SourceQuality "1"]

{[%evp 19,61,0,14,0,29,12,37,46,42,37,31,13,13,0,0,0,0,0,0,-24,39,-11,0,-44,-19,-31,4,4,118,0,0,0,0,-110,-123,-243,-142,-159,-148,-131,-135,-230,-232,-220]} 1. e4 e6 2. d4 d5 3. e5 c5 4. c3 Qb6 5. Nf3 Nc6 6. Na3 cxd4 7. cxd4 Bd7 8. Nc2 Rc8 9. Be2 Nh6 10. O-O Nf5 $1 11. Rb1 {C02: French: Advance Variation.} Be7 12. Kh1 {[#]} Na5 $146 ({Predecessor:} 12... a6 13. g4 Nh4 14. Nxh4 Bxh4 15. f4 Nb4 16. Nxb4 Qxb4 17. a3 Qb6 18. Rf3 g6 {1-0 (80) Lemke,B (1955)-Granz,T (1901) GER email 2018}) 13. g4 {White is slightly better.} Nh4 14. Nxh4 Bxh4 15. b3 Bb5 16. Ba3 Be7 17. Bxe7 Kxe7 18. Bxb5 Qxb5 19. Qd2 {Inhibits Rc3.} h6 (19... h5 $11) 20. Ne3 (20. a4 $14 Qb6 21. f4) 20... Nc6 21. Rbd1 (21. b4 $11 {deserves consideration.}) 21... Qa5 22. Qb2 Qb6 23. f4 h5 (23... Kd8 $11) 24. f5 ({White must play} 24. g5 $1 $16) 24... hxg4 $1 $11 25. Nxg4 Rh4 26. f6+ {[#]} (26. Rf4 $11 Rch8 27. fxe6 fxe6 28. Qf2 (28. Rdf1 Qb4 $14)) 26... gxf6 $1 $17 27. Qa3+ {[#]} (27. exf6+ $17 {might work better.} Kd7 28. Rg1) 27... Qb4 ({Better is} 27... Nb4 $1 $19 28. exf6+ (28. Nxf6 $2 Rc2 $19) 28... Kd8) 28. exf6+ Ke8 29. Qxb4 Nxb4 30. a3 (30. Rg1 $17 {keeps fighting.}) 30... Rxg4 $19 31. axb4 {Weighted Error Value: White=0.38/Black=0.23 (precise)} 1/2-1/2

[Event "V Copa Marcel Duchamp 2022"]
[Site "Montevideo"]
[Date "2022.02.17"]
[Round "7.16"]
[White "Carvalho, Guillermo"]
[Black "Montiel Caceres, Helen"]
[Result "1-0"]
[WhiteElo "2171"]
[BlackElo "1625"]
[Annotator "TA"]
[PlyCount "33"]
[EventDate "2022.02.12"]
[EventCountry "URU"]
[SourceTitle "playchess.com"]
[Source "ChessBase"]
[SourceQuality "1"]

{[%evp 9,33,0,0,-5,26,31,31,23,29,18,26,26,22,19,29,5,47,22,370,358,364,370,359,354,353,334]} 1. d4 Nf6 2. Nc3 d5 3. Bf4 e6 4. e3 Bd6 5. Bd3 Bxf4 6. exf4 {D00: 1 d4 d5: Unusual lines.} c5 7. dxc5 Qc7 8. Qd2 {White is slightly better.} Qxc5 9. Nf3 Nc6 10. O-O O-O 11. Rfe1 {[#]} Rb8 $146 ({Predecessor:} 11... Bd7 12. Ne2 Rfd8 13. Ned4 Nxd4 14. Nxd4 b5 15. a3 a5 16. c3 Qb6 17. Nc2 Bc6 18. Qe3 Qb7 19. Qh3 g6 20. Qh4 Ne4 21. Rad1 {½-½ (21) Palac,M (2517)-Zelcic,R (2522) Zagreb 2021}) 12. Ne2 {[%cal Oe2d4]} Bd7 (12... Ne4 $11 13. Qe3 Qxe3 14. fxe3 Rd8) 13. h3 Na5 $2 {[%mdl 8192] [#] This costs Black the game.} (13... Ne4 $11 {and Black is okay.} 14. Bxe4 dxe4) 14. b4 $18 {White is winning.} Nc4 15. bxc5 Nxd2 16. Nxd2 Rfc8 17. Nb3 {Weighted Error Value: White=0.06 (flawless) /Black=0.61} 1-0

[Event "V Copa Marcel Duchamp 2022"]
[Site "Montevideo"]
[Date "2022.02.17"]
[Round "7.17"]
[White "Granara Barreto, Sebastian"]
[Black "Garcia, Luis E."]
[Result "1/2-1/2"]
[WhiteElo "2131"]
[BlackElo "2192"]
[Annotator "TA"]
[PlyCount "105"]
[EventDate "2022.02.12"]
[EventCountry "URU"]
[SourceTitle "playchess.com"]
[Source "ChessBase"]
[SourceQuality "1"]

{[%evp 9,105,17,0,6,34,0,0,-12,14,5,25,19,21,20,18,25,22,34,34,22,24,14,21,18,21,18,19,0,50,56,75,79,95,101,110,101,120,108,104,94,642,129,120,115,122,70,88,14,15,12,12,12,11,12,15,5,5,0,63,57,72,65,126,48,57,0,0,0,37,38,38,38,38,38,38,38,41,15,24,8,39,24,21,11,14,0,0,0,54,0,35,35,53,53,47,18,19,0]} 1. d4 Nf6 2. Bg5 Ne4 3. h4 d5 4. e3 Nd7 5. Bd3 {[#]} Nxg5 $146 ({Predecessor:} 5... Ndf6 6. Nd2 Bg4 7. Ne2 Bxe2 8. Qxe2 Nxg5 9. hxg5 Nd7 10. g6 Nf6 11. Nf3 Ne4 12. Rxh7 Rg8 13. gxf7+ Kxf7 14. Ne5+ Ke8 15. Bxe4 dxe4 16. Qc4 Qd6 17. Qf7+ {1-0 (17) Suleimanov,K (1795)-Chigarev,V (1661) Kirov 2018}) 6. hxg5 {[%cal Og5g6] Black must now prevent g6! A45: Trompowsky Attack.} g6 7. Nf3 {Inhibits e5.} Bg7 8. c3 c6 9. Nbd2 Qb6 10. Qb3 Qxb3 11. axb3 e5 12. dxe5 Nxe5 13. Nxe5 Bxe5 14. f4 Bg7 15. e4 h6 16. exd5 cxd5 17. Nf3 a6 18. O-O-O Be6 (18... hxg5 $11 19. Rxh8+ (19. fxg5 Rxh1 20. Rxh1 Ke7 $11) 19... Bxh8) 19. Rhe1 $14 {[%cal Od3g6]} O-O-O {[#]} 20. Bxg6 $1 d4 {[#]} (20... Rd6 21. Bc2) 21. c4 $1 Rd6 (21... Kc7 22. f5) 22. Bd3 {aiming for f5.} Bg4 23. Re7 Rd7 24. Rde1 {White is much more active. Black has bad knights.} Bxf3 $2 {[%mdl 8192] [#]} (24... hxg5 $16 25. fxg5 (25. Nxg5 f6 $14) 25... Kd8 26. Rxd7+ Kxd7) 25. gxf3 $2 (25. Bf5 $1 $18 {is the precise move to win.} Bc6 26. Rxf7 hxg5 27. fxg5) 25... Kd8 $16 26. Rxd7+ Kxd7 {[%mdl 4096] Endgame KRB-KRB} 27. Bf5+ ({Better is} 27. b4 $16) 27... Kd6 {[#]} 28. g6 (28. b4 $1 $16 {Hoping for c5+.} b6 29. g6) 28... fxg6 $1 $11 29. Re6+ Kc5 30. Rxg6 Bf8 31. Kc2 h5 $1 32. Bh3 Rh6 33. Rg5+ Kc6 (33... Kb4 $11) 34. Kd3 $14 Be7 35. Rd5 Bf6 (35... Bf8 $14) 36. Ke4 (36. b4 $16) 36... h4 37. Kf5 (37. b4 $14) 37... b5 $11 38. Ke4 d3 39. cxb5+ axb5 40. Rxd3 Bxb2 41. Kf5 Kc5 42. Kg5 Rh8 43. Rd2 Bc3 44. Rh2 Kd6 45. f5 Ke7 46. Re2+ Kf7 47. Ra2 {Strongly threatening Ra7+.} Bf6+ 48. Kf4 Bc3 ({Black should play} 48... Rd8 $11) 49. Rc2 (49. Ra7+ $14 Kf6 50. Ra6+ Kf7 51. Kg5) 49... b4 (49... Rc8 $5 {[%cal Rc3e5]} 50. Ra2 Re8 $14) 50. Ra2 Kf6 51. Ra6+ Kf7 52. Ra7+ Kf6 53. Ra6+ {Weighted Error Value: White=0.29 (precise) /Black=0.28 (precise)} 1/2-1/2

[Event "V Copa Marcel Duchamp 2022"]
[Site "Montevideo"]
[Date "2022.02.17"]
[Round "7.18"]
[White "Lavandeira, Juan Bautista"]
[Black "Guerrero, Alvaro"]
[Result "0-1"]
[WhiteElo "1516"]
[BlackElo "2123"]
[Annotator "TA"]
[PlyCount "136"]
[EventDate "2022.02.12"]
[EventCountry "URU"]
[SourceTitle "playchess.com"]
[Source "ChessBase"]
[SourceQuality "1"]

{[%evp 9,136,-6,0,-12,7,-10,4,-18,-10,-46,-11,-20,-19,-46,-33,-62,-16,-15,57,61,48,37,46,58,68,0,58,2,11,0,0,0,0,0,0,0,0,0,61,-189,-200,-184,-175,-985,-8,-22,26,-50,-26,-58,-23,-31,-17,-31,-8,-19,-19,-100,0,-57,0,-5,0,0,0,0,14,0,8,0,0,0,0,0,0,0,0,-18,-14,-15,0,0,5,5,392,385,385,0,0,0,0,0,0,0,0,0,0,0,0,0,0,0,0,0,52,8,983,0,7,0,7,0,0,0,0,0,0,0,0,0,0,0,637,447,447,0,8,7,8]} 1. d4 Nf6 2. Bg5 e6 3. Bxf6 Qxf6 4. Nf3 b6 5. e3 Bb7 6. Be2 {[#] A45: Trompowsky Attack.} d6 $146 ({Predecessor:} 6... Be7 7. Nbd2 d5 {½-½ (7) Henzner,R-Buchenau,G Doernigheim 1994}) 7. O-O Nd7 8. Nbd2 Be7 9. Rc1 O-O 10. c4 c5 11. a3 Rfd8 12. b4 cxd4 (12... Qg6 $15) 13. Nxd4 $11 d5 (13... Ne5 $11) 14. cxd5 $14 Bxd5 15. Bf3 (15. Bc4 {looks sharper.} Bb7 16. Bb5 Rab8 17. f4 Nf8 18. Bc6) 15... Ne5 16. Bxd5 Rxd5 17. Qb3 (17. f4 $14 Ng6 18. Ne4) 17... Qh6 (17... a5 $11) 18. N2f3 (18. f4 $14 Ng6 19. N2f3) 18... Bf6 19. Rc7 g5 {aiming for ...Nxf3+.} 20. e4 Rdd8 21. h3 g4 22. hxg4 Nxg4 23. Nc6 {[%csl LRa7,LRd8] Pair of Knights!} Rdc8 (23... Rd2 $11) 24. Ne7+ $2 (24. Rxc8+ $14 {was the only good move.} Rxc8 25. b5) 24... Bxe7 $19 25. Rxe7 Rc1 26. Rd1 (26. Qd3) 26... Rxd1+ $2 (26... Rd8 $19 27. Rf1 Rxf1+ 28. Kxf1 Qh1+ 29. Ng1 Nh2+ 30. Ke2 Qxg1 31. Re8+ Rxe8 32. Qg3+ Kf8 33. Qd6+ Kg7 34. Qg3+ Kf8 35. Qd6+ Kg8 36. Qg3+ Ng4 $1 {[%mdl 512]} 37. Qxg4+ Kf8) 27. Qxd1 $11 Qf4 (27... Qf6 $142 28. Rd7 Rc8) 28. Qd2 ({White should play} 28. g3 $11 Qf6 29. Rc7) 28... Qxe4 $15 29. Qg5+ Kf8 {( -> ...Qb1+)} (29... Kh8 $5 {[%cal Re4b1]} 30. Qc1 Qf5 $17) 30. Rc7 {White threatens Qe7+ and mate.} Qb1+ 31. Rc1 Qg6 (31... Qb2 {feels hotter.} 32. Rf1 Qg7 33. Qc1 Qf6 34. Qc7 h6) 32. Qxg6 hxg6 $11 {[%mdl 4096] Endgame KRN-KRN} 33. Rc7 {[#]} (33. Rc4 $11 {remains equal.} f5 34. Ng5) 33... Ke8 (33... a5 $1 $17 {[%cal Ra5b4] Hoping for ...axb4.} 34. b5 Rd8) 34. Kf1 (34. g3 $11) 34... b5 ({Black should try} 34... a5 $15 35. Ng5 axb4 36. axb4 Ra1+ 37. Ke2 Ra2+ 38. Kf3 Ne5+ 39. Ke3 Rb2) 35. Nd4 a6 36. Nc6 {Prevents Rd8.} Kf8 37. Ke2 Nh6 38. Ne5 Kg7 39. Ke3 a5 40. Rb7 axb4 41. axb4 Nf5+ 42. Kf4 Nd6 43. Rb6 Rd8 44. Nc6 Rh8 45. Ne5 Rh4+ 46. g4 f6 $2 {[%mdl 8192]} 47. Rxd6 $18 fxe5+ {KR-KR} 48. Kg3 $2 (48. Kg5 $18 Rh3 49. Rxe6) 48... Rh1 $11 49. Rxe6 Rb1 50. Rxe5 Rxb4 51. Re7+ Kf6 52. Rb7 Rb3+ 53. Kf4 Rb4+ 54. Kg3 Rb3+ 55. Kf4 Rb4+ 56. Kg3 Ke5 (56... g5 $11) 57. f4+ (57. Rb6 $14 {is superior.}) 57... Kf6 $2 {[%mdl 8192] [#]} (57... Ke6 $11) 58. Rb6+ $2 (58. g5+ $1 $18 Kf5 59. Rf7+ Ke4 60. Rf6) 58... Kf7 59. Rb7+ Kf8 60. g5 Rb1 61. Rb8+ Kf7 62. Rb7+ Ke6 63. Rb6+ Kf7 64. Rb7+ Ke6 65. Rb6+ Kf5 $2 {[%mdl 8192]} (65... Kf7 $11) 66. Rf6+ $18 Ke4 67. Rxg6 $2 (67. Re6+ $18 Kd4 68. Rxg6) 67... b4 {[%cal Bb5b4,Bb4b3][%mdl 32]} 68. Rb6 {And now Kg4 would win.} b3 {[%mdl 32768] Both players deserved the win here.  Weighted Error Value: White=0.60/Black=0.43. Loss on time!?} 0-1

[Event "V Copa Marcel Duchamp 2022"]
[Site "Montevideo"]
[Date "2022.02.17"]
[Round "7.19"]
[White "Sanhueza, Cristian"]
[Black "Avedisian, Alexander"]
[Result "1/2-1/2"]
[WhiteElo "2242"]
[BlackElo "1875"]
[Annotator "TA"]
[PlyCount "39"]
[EventDate "2022.02.12"]
[EventCountry "URU"]
[SourceTitle "playchess.com"]
[Source "ChessBase"]
[SourceQuality "1"]

{[%evp 11,39,0,0,-20,-7,-21,9,11,66,5,52,43,67,94,134,128,123,50,30,-82,-78,-85,-91,-91,-94,-88,-80,-271,-293,-298]} 1. e4 c5 2. Nf3 g6 3. d4 cxd4 4. Nxd4 Nf6 5. Nc3 Nc6 6. Nb3 Bg7 7. g4 {B34: Sicilian: Accelerated Dragon with 5 Nc3: sidelines.} O-O {[%cal Od7d5]} 8. g5 Ne8 9. h4 {[%cal Bh2h4,Bh4h5][%mdl 32] [#] The position is equal.} Nd6 $146 (9... h5 $11) ({Predecessor:} 9... Nc7 10. Bg2 e6 11. f4 d5 12. e5 b6 13. Be3 Qd7 14. Qg4 Ba6 15. O-O-O Ne7 {1-0 (31) Pitl,G (2387)-Ljubic,J (2213) Austria 2015}) 10. Bd3 (10. h5 $14) 10... Ne5 (10... a5 $11 {should be considered.}) 11. h5 $14 Nxd3+ 12. Qxd3 Bxc3+ 13. bxc3 {[#] And now Qh3 would win.} Qc7 14. Qh3 {White is more active.} ({White should try} 14. Bf4 $16) 14... Qc6 15. Nc5 Nxe4 $17 (15... Qxc5 16. hxg6 h5 17. Qxh5 Qxc3+ 18. Kf1 $18) 16. hxg6 Qxg6 17. Nd3 d6 18. Qh4 {[#] Black must now prevent Nf4.} e5 {Prevents Nf4. ...Bf5 is the strong threat.} 19. Ba3 $2 (19. f3 $17 {was necessary.} Nc5 20. Ba3) 19... Bf5 $19 ({Worse is} 19... Nxg5 20. O-O-O Nf3 21. Qh6 $17) 20. f3 {[%mdl 32768] Weighted Error Value: White=0.55/Black=0.16 (very precise) . An unexpected result.} 1/2-1/2

[Event "V Copa Marcel Duchamp 2022"]
[Site "Montevideo"]
[Date "2022.02.17"]
[Round "7.20"]
[White "Curi, Gabriel"]
[Black "Boabaid, Jorge Alberto Duarde"]
[Result "1-0"]
[WhiteElo "2205"]
[BlackElo "1756"]
[Annotator "TA"]
[PlyCount "71"]
[EventDate "2022.02.12"]
[EventCountry "URU"]
[SourceTitle "playchess.com"]
[Source "ChessBase"]
[SourceQuality "1"]

{[%evp 25,71,43,44,32,52,51,100,70,66,49,121,128,114,126,106,63,71,69,68,70,106,52,63,56,58,59,114,86,83,48,198,167,193,196,259,143,268,261,238,257,259,270,263,265,432,391,386,22]} 1. d4 Nf6 2. c4 e6 3. Nc3 c5 4. d5 exd5 5. cxd5 d6 6. e4 g6 7. f3 Bg7 8. Be3 O-O 9. Nge2 Nbd7 10. Ng3 h5 11. Be2 Ne5 12. O-O a6 13. a4 Nh7 {13...Nh7 has lost popularity.} 14. Qd2 {A65: Modern Benoni: 6 e4.} Rb8 15. h3 {[#]} Qh4 $146 (15... h4 $14 16. Nh1 f5) ({Predecessor:} 15... h4 16. Nh1 f5 17. Nf2 Re8 18. Rab1 Qa5 19. b4 cxb4 20. Na2 Qxa4 21. Rxb4 Qd7 {½-½ (35) Walther,J (2193)-Gonzalez Gigato,J (2192) ICCF email 2018}) 16. Bf2 {White is better.} Qe7 17. f4 Bh6 ({Black should try} 17... h4 $1 $14) 18. Be3 $16 Nd7 19. e5 dxe5 20. f5 ({White should play} 20. d6 $16 Qh4 21. Nge4) 20... Bxe3+ $14 21. Qxe3 Qg5 22. Qf2 $36 {[%mdl 2048] Black is under pressure.} Qd2 {[#]} 23. Nge4 ({Better is} 23. Rad1 $1 $16 {[%cal Rd1d2]} Qh6 24. Nge4) 23... Qd4 24. Rad1 Qxf2+ 25. Rxf2 Nhf6 (25... Kg7 $14) 26. fxg6 fxg6 27. Ng5 {Hoping for Ne6. White is much more active.} b5 {Black cannot hold the game after this.} (27... Nh7 $14 28. Nf3 g5) 28. axb5 axb5 29. Ne6 ({Not} 29. Nxb5 Ba6 30. Nc7 Bxe2 31. Rxe2 Rb4 $11) ({But not} 29. Bxb5 Nh7 $16) 29... Rf7 {[#]} (29... c4 {keeps fighting.} 30. Rdf1 (30. Nxf8 Kxf8 31. g4 hxg4 $16) 30... Re8) 30. Bxb5 (30. Rdf1 $1 $18) 30... e4 (30... Ne8 $16 {might work better.}) 31. Rdf1 $18 {Black must now prevent Bxd7.} Rxb5 32. Nxb5 {Strongly threatening Nd6.} Ba6 33. Nec7 Bxb5 34. Nxb5 Kg7 $2 (34... e3) 35. Nc7 {[%cal Oc7e8] And now Ne8+! would win.} e3 36. Ne8+ $2 {[%mdl 32768] Weighted Error Value: White=0.23 (precise) /Black=0.44. Loss on time!?} 1-0

[Event "V Copa Marcel Duchamp 2022"]
[Site "Montevideo"]
[Date "2022.02.17"]
[Round "7.21"]
[White "Durante, Aurelio"]
[Black "Castro, Cesar"]
[Result "0-1"]
[WhiteElo "1944"]
[BlackElo "2097"]
[Annotator "TA"]
[PlyCount "53"]
[EventDate "2022.02.12"]
[EventCountry "URU"]
[SourceTitle "playchess.com"]
[Source "ChessBase"]
[SourceQuality "1"]

{[%evp 9,53,19,41,-3,-3,-120,-120,-125,-117,-188,-184,-198,-193,-179,-183,-273,-188,-202,-176,-272,-236,-493,-486,-483,-412,-396,-415,-556,-456,-466,-453,-462,-450,-437,-462,-482,-408,-407,-398,-408,-398,-508,-497,-488,-487,-428]} 1. e4 c5 2. c3 d5 3. exd5 Qxd5 4. Nf3 Nc6 5. d4 Bf5 6. Na3 {B22: Sicilian: 2 c3.} (6. Be3 $14) 6... cxd4 $11 7. Nb5 {[#]} (7. Nxd4 $11 {keeps the balance.} Nxd4 8. Bb5+ $1 Bd7 9. Qxd4 Qxd4 10. cxd4) 7... O-O-O $1 $17 {And now ...e5 would win.} 8. cxd4 {[#] Black is better.} e5 $1 {[%cal Re5d4]} 9. Qa4 (9. Bd2 $17 exd4 10. Qa4) 9... Bb4+ $19 (9... exd4 10. Bg5 Nf6 11. Rc1 $17) (9... Nxd4 10. Nfxd4 exd4 11. Nxa7+ Kb8 12. Nb5 Qe5+ 13. Be2 $16 (13. Kd1 $2 Bc5 $19)) 10. Bd2 Bxd2+ (10... Qe4+ 11. Be2 a6 12. Bxb4 $14) 11. Nxd2 {Rc1 is the strong threat.} a6 ({Much less strong is} 11... Nxd4 12. Rc1+ Nc2+ 13. Rxc2+ Bxc2 14. Qxc2+ Kb8 15. Qc7+ Ka8 16. Qa5 Qxd2+ 17. Qxd2 $18) ({Stronger than} 11... exd4 12. Nxa7+ Nxa7 13. Qxa7 $17) 12. Na3 (12. Nc3 $142 Qxd4 13. Nc4) 12... Qxd4 13. Qxd4 exd4 {[#]} 14. Nf3 $146 (14. Rc1 $142) ({Predecessor:} 14. Bc4 Re8+ 15. Kd1 Nh6 16. f3 Re7 17. Re1 Rhe8 18. Rxe7 Rxe7 19. Bd5 Bd3 20. Be4 Bxe4 21. Nxe4 {0-1 (68) Sadikov,A (1998)-Perovsek,M (1806) Gostovanja 2009}) 14... Nf6 {aiming for ...Rhe8+.} 15. Ng5 $2 (15. O-O-O {only move.}) 15... Rhe8+ 16. Kd1 h6 17. Nxf7 Rd7 18. Bc4 Bg6 19. Nh8 Rxh8 20. Be6 {To avoid Ng4} Kc7 21. Bxd7 Kxd7 ({Avoid the trap} 21... Nxd7 $2 22. h4 $19) 22. f3 Re8 23. Re1 Rxe1+ 24. Kxe1 Nd5 25. Nc4 b5 26. Nd2 Ncb4 {Threatens to win with ...Nc2+.} 27. Kf2 {White did not feel at home in the position after the opening.  Weighted Error Value: White=0.58/Black=0.15 (very precise)} 0-1